00661nam a2200229 a 4500001001300000003000900013005001700022008004100039020002200080082001700102100001900119245002600138260004400164300000900208500003500217505001000252650002300262902000800285942000700293952011600300999001500416nice12345678IN_TiNIC20260116012733.0050524s1991 dela grp 000 0 eng  a8185220 c9500a954.022bKAU aKaur, Surinder aSecular Emperor Babar aDelhibInstt.Of Objective Studiesc1991 a117p aincludes index and biblioraphy2 aIndex aMughal India-Babar bSRS cBK 001040708StackRoom-aHMIbHMId2007-04-03g95.00l0o954.022 KAUp014287r2007-04-03v95.00w2005-05-24yBK c8169d8169